Online Catalogue and eLibrary

Indu India: (Record no. 4238)

MARC details
000 -LEADER
fixed length control field 00441nam a2200181Ia 4500
005 - DATE AND TIME OF LATEST TRANSACTION
control field 20250224052636.0
008 - FIXED-LENGTH DATA ELEMENTS--GENERAL INFORMATION
fixed length control field 240331s9999 xx 000 0 und d
020 ## - INTERNATIONAL STANDARD BOOK NUMBER
ISBN 8177200275
082 ## - DDC Classification
Item Number - Author Mark RAJ
DDC Edition Number 5448
Class No. 920
100 ## - MAIN ENTRY--PERSONAL NAME
Personal name Rajadurai, S. V
245 #0 - TITLE STATEMENT
Title Indu India:
Remainder of title Agraniyilirundu Advani Varai
260 ## - PUBLICATION, DISTRIBUTION, ETC.
Place of publication, distribution, etc. Puthanatham
Name of publisher, distributor, etc. Adaiyalam
Date of publication, distribution, etc. 2003
300 ## - PHYSICAL DESCRIPTION
Extent (e.g. Volumes, Pages etc.) 272 p.,
650 ## - SUBJECT ADDED ENTRY--TOPICAL TERM
Topical term or geographic name entry element India
650 ## - SUBJECT ADDED ENTRY--TOPICAL TERM
Topical term or geographic name entry element History
650 ## - SUBJECT ADDED ENTRY--TOPICAL TERM
Topical term or geographic name entry element Politics
942 ## - Koha item type (Biblio)
Koha item type Books in Stacks (Lending)
Holdings
Lost status Damaged status Collection code Home library Current library Shelving location Date acquired Full call number Accession Number Item type
    Lending WERC Library WERC Library Social Science Cupboard 03/31/2024 920 RAJ 5448 Books in Stacks (Lending)

© WERC Library